LEADER 00974nas a2200229 i 4500 001 000000235580 003 CaOOAMICUS 005 20141111000000.0 008 141111b1999 it uu u0 0ita r 013 $a214484 040 $aSeMil$bita 240 10$aPer la croce ; Camminiamo con fiducia ; É giusto fare festa ; Parola di Dio ; Inno nuziale ; Alleluia P.Salm. ; Santo ; Osanna ; Amen ; Amen, Amen ; Agnus Dei.$0(OLS)http://semarc/title/335828 245 10$a1999. 260 $aBologna :$bEDB,$c1999. 500 $aInserto redazionale al N.1/1999. 650 4$aMusica sacra - Liturgia.$0(OLS)http://semarc/subject/15970 773 0 $tMusica e Assemblea.$dBrescia : Queriniana, 1975-2015.$w()2501 850 $aSeMil 852 $aSeMil$W1$xVenegono$y1$m164 6 20/B$j185926$B185926$CSeMilBibl$Z2$F196829 $85 961 $aAbbonamento: EDB 996 $6245$a1999$9(OLS)http://semarc/title/198832 996 $6260$aBologna :$bEDB$9(OLS)http://semarc/publisher/29669 LEADER 01062nam a2200241 i 4500 001 000000086185 003 CaOOAMICUS 005 20130826000000.0 008 130826s1988 xx u000 u und u 013 $a58425 020 $a88-221-0723-3 040 $aSeMil$bita 100 1 $aCassirer, Ernst,$d<1874-1945>.$0(OLS)http://semarc/name/8941 245 10$aFilosofia delle forme simboliche. Fenomenologia della conoscenza. Volu me terzo. Tomo secondo. 260 $aFirenze :$bLa Nuova Italia,$c1988. 300 $a378 p. 650 4$aGnoseologia filosofica.$0(OLS)http://semarc/subject/5462 650 4$aSimbolo - Filosofia.$0(OLS)http://semarc/subject/2341 850 $aSeMil 852 $aSeMil$W1$xVenegono$y1$m64 7 71.3.2 *$j49942$B49942$CSeMilBibl$Z2$F53784 $81 996 $6020$a88-221-0723-3$9(OLS)http://semarc/number/66451 996 $6245$aFilosofia delle forme simboliche. Fenomenologia della conoscenza. Volu me terzo. Tomo secondo$9(OLS)http://semarc/title/132577 996 $6260$aFirenze :$bLa Nuova Italia$9(OLS)http://semarc/publisher/30055